The art of electronics
Gespeichert in:
| Hauptverfasser: | , |
|---|---|
| Format: | Buch |
| Sprache: | Englisch |
| Veröffentlicht: |
Cambridge
Cambridge University
1980
|
| Ausgabe: | 2a. ed |
| Schlagworte: | |
| Tags: |
Tag hinzufügen
Keine Tags, Fügen Sie den ersten Tag hinzu!
|
MARC
| LEADER | 00000nam a2200000 a 4500 | ||
|---|---|---|---|
| 001 | UCX1318 | ||
| 003 | CL-VaPUC | ||
| 008 | 900731e19800000UK |||||||||||||||||eng|d | ||
| 082 | 0 | 4 | |a 621.381 |b HOR |2 21 |
| 100 | |a Horowitz, Paul |e author |9 579563 | ||
| 700 | 0 | |a Hill, Winfield |e author |9 316796 | |
| 245 | 1 | 4 | |a The art of electronics |
| 250 | |a 2a. ed | ||
| 300 | |a 2 v | ||
| 942 | |c BK | ||
| 945 | |d 19900731 00:00:00 | ||
| 260 | |a Cambridge |b Cambridge University |c 1980 | ||
| 650 | 0 | |a Electrónica |9 263192 | |
| 650 | 0 | |a Circuitos electrónicos |9 260204 | |
| 583 | |a last modification |c 20150512 11:19:33 |k Rodrigo Vera | ||
| 999 | |c 222584 |d 222582 | ||